Statistiken für Liedtext - 3 Tage am Meer - AnnenMayKantereit (AMK)

Klicken Sie hier um das Quiz zu spielen!

Allgemein

  • Dieses Quiz wurde 45 mal gespielt
  • Das Durchschnittsergebnis liegt bei 169 aus 198

Antwortstatistiken

Textquiz% Korrekt
am
100%
bin
100%
Drei
100%
Ich
100%
ich
100%
Meer
100%
Tage
100%
Und
100%
und
100%
weiß
100%
wer
98%
wieder
98%
das
95%
was
95%
kann
93%
an
90%
brauche
85%
ab
83%
alle
83%
dann
83%
'Ne
83%
nicht
83%
die
78%
mache
78%
mich
78%
Mir
78%
mir
78%
Pause
78%
genau
75%
ist
75%
so
75%
zu
75%
alles
73%
daran
73%
frage
73%
kommen
73%
Ohne
73%
ohne
73%
trotzdem
73%
Trotzdem
73%
Zweifel
73%
anderen
70%
eigentlich
70%
Eigentlich
70%
Wofür
70%
auf
68%
Es
65%
klar
65%
Zum
65%
mal
63%
viel
63%
weg
63%
werden
60%
Jahre
58%
mittlerweile
58%
nur
58%
Untertauchen
58%
waren
58%
atme
55%
fällt
55%
geht
55%
leicht
55%
Luft
55%
muss
55%
nach
55%
Nerven
55%
ruhiger
55%
schmeckt
55%
Straße
55%
weit
53%
dringend
50%
liebe
48%
Stadt
45%
sitze
38%

Verteilung der Resultate

Perzentil nach korrekt beantworteten Fragen

Anzahl Personen mit jedem Resultat

Ihre Resultats-Entwicklung

Sie haben dieses Quiz noch nicht gespielt